TENNIS - ATP demi finalistes depuis 2000 - Statistiques

Statistiques générales
  • Ce quiz a été pris 4 701 fois
    348 depuis la dernière actualisation
  • Le résultat moyen est 306 sur 416
Statistiques - réponses
an Players % Correct
Wimbledon - Gagnant 2003 Roger Federer
100%
Open Australie - Gagnant 2004 Roger Federer
100%
Wimbledon - Gagnant 2004 Roger Federer
100%
US Open - Gagnant 2004 Roger Federer
100%
Open Australie - 1/2 finaliste 2005 Roger Federer
100%
Roland Garros - 1/2 finaliste 2005 Roger Federer
100%
Wimbledon - Gagnant 2005 Roger Federer
100%
US Open - Gagnant 2005 Roger Federer
100%
Open Australie - Gagnant 2006 Roger Federer
100%
Roland Garros - 2ème 2006 Roger Federer
100%
Wimbledon - Gagnant 2006 Roger Federer
100%
US Open - Gagnant 2006 Roger Federer
100%
Open Australie - Gagnant 2007 Roger Federer
100%
Roland Garros - 2ème 2007 Roger Federer
100%
Wimbledon - Gagnant 2007 Roger Federer
100%
US Open - Gagnant 2007 Roger Federer
100%
Open Australie - 1/2 finaliste 2008 Roger Federer
100%
Roland Garros - 2ème 2008 Roger Federer
100%
Wimbledon - 2ème 2008 Roger Federer
100%
US Open - Gagnant 2008 Roger Federer
100%
Open Australie - 2ème 2009 Roger Federer
100%
Roland Garros - Gagnant 2009 Roger Federer
100%
Wimbledon - Gagnant 2009 Roger Federer
100%
US Open - 2ème 2009 Roger Federer
100%
Open Australie - Gagnant 2010 Roger Federer
100%
US Open - 1/2 finaliste 2010 Roger Federer
100%
Open Australie - 1/2 finaliste 2011 Roger Federer
100%
Roland Garros - 2ème 2011 Roger Federer
100%
US Open - 1/2 finaliste 2011 Roger Federer
100%
Open Australie - 1/2 finaliste 2012 Roger Federer
100%
Roland Garros - 1/2 finaliste 2012 Roger Federer
100%
Wimbledon - Gagnant 2012 Roger Federer
100%
Open Australie - 1/2 finaliste 2013 Roger Federer
100%
Open Australie - 1/2 finaliste 2014 Roger Federer
100%
Wimbledon - 2ème 2014 Roger Federer
100%
US Open - 1/2 finaliste 2014 Roger Federer
100%
Wimbledon - 2ème 2015 Roger Federer
100%
US Open - 2ème 2015 Roger Federer
100%
Open Australie - 1/2 finaliste 2016 Roger Federer
100%
Wimbledon - 1/2 finaliste 2016 Roger Federer
100%
Open Australie - Gagnant 2017 Roger Federer
100%
Wimbledon - Gagnant 2017 Roger Federer
100%
Open Australie - Gagnant 2018 Roger Federer
100%
Roland Garros - 1/2 finaliste 2019 Roger Federer
100%
Wimbledon - 2ème 2019 Roger Federer
100%
Open Australie - 1/2 finaliste 2020 Roger Federer
100%
Roland Garros - 1/2 finaliste 2007 Novak Djokovic
99%
Wimbledon - 1/2 finaliste 2007 Novak Djokovic
99%
US Open - 2ème 2007 Novak Djokovic
99%
Open Australie - Gagnant 2008 Novak Djokovic
99%
Roland Garros - 1/2 finaliste 2008 Novak Djokovic
99%
US Open - 1/2 finaliste 2008 Novak Djokovic
99%
US Open - 1/2 finaliste 2009 Novak Djokovic
99%
Wimbledon - 1/2 finaliste 2010 Novak Djokovic
99%
US Open - 2ème 2010 Novak Djokovic
99%
Open Australie - Gagnant 2011 Novak Djokovic
99%
Roland Garros - 1/2 finaliste 2011 Novak Djokovic
99%
Wimbledon - Gagnant 2011 Novak Djokovic
99%
US Open - Gagnant 2011 Novak Djokovic
99%
Open Australie - Gagnant 2012 Novak Djokovic
99%
Roland Garros - 2ème 2012 Novak Djokovic
99%
Wimbledon - 1/2 finaliste 2012 Novak Djokovic
99%
US Open - 2ème 2012 Novak Djokovic
99%
Open Australie - Gagnant 2013 Novak Djokovic
99%
Roland Garros - 1/2 finaliste 2013 Novak Djokovic
99%
Wimbledon - 2ème 2013 Novak Djokovic
99%
US Open - 2ème 2013 Novak Djokovic
99%
Roland Garros - 2ème 2014 Novak Djokovic
99%
Wimbledon - Gagnant 2014 Novak Djokovic
99%
US Open - 1/2 finaliste 2014 Novak Djokovic
99%
Open Australie - Gagnant 2015 Novak Djokovic
99%
Roland Garros - 2ème 2015 Novak Djokovic
99%
Wimbledon - Gagnant 2015 Novak Djokovic
99%
US Open - Gagnant 2015 Novak Djokovic
99%
Open Australie - Gagnant 2016 Novak Djokovic
99%
Roland Garros - Gagnant 2016 Novak Djokovic
99%
US Open - 2ème 2016 Novak Djokovic
99%
Wimbledon - Gagnant 2018 Novak Djokovic
99%
US Open - Gagnant 2018 Novak Djokovic
99%
Open Australie - Gagnant 2019 Novak Djokovic
99%
Roland Garros - 1/2 finaliste 2019 Novak Djokovic
99%
Wimbledon - Gagnant 2019 Novak Djokovic
99%
Open Australie - Gagnant 2020 Novak Djokovic
99%
Roland Garros - 2ème 2020 Novak Djokovic
99%
Open Australie - Gagnant 2021 Novak Djokovic
99%
Roland Garros - Gagnant 2021 Novak Djokovic
99%
Wimbledon - Gagnant 2021 Novak Djokovic
99%
US Open - 2ème 2021 Novak Djokovic
99%
Wimbledon - Gagnant 2022 Novak Djokovic
99%
Open Australie - Gagnant 2023 Novak Djokovic
99%
Roland Garros - Gagnant 2023 Novak Djokovic
99%
Wimbledon - 2ème 2023 Novak Djokovic
99%
US Open - Gagnant 2023 Novak Djokovic
99%
Open Australie - 1/2 finaliste 2024 Novak Djokovic
99%
Wimbledon - 2ème 2024 Novak Djokovic
99%
Open Australie - 1/2 finaliste 2025 Novak Djokovic
99%
Roland Garros - 1/2 finaliste 2025 Novak Djokovic
99%
Wimbledon - 1/2 finaliste 2025 Novak Djokovic
99%
US Open - 1/2 finaliste 2025 Novak Djokovic
99%
Open Australie - 2ème 2026 Novak Djokovic
99%
Roland Garros - Gagnant 2005 Rafael Nadal
99%
Roland Garros - Gagnant 2006 Rafael Nadal
99%
Wimbledon - 2ème 2006 Rafael Nadal
99%
Roland Garros - Gagnant 2007 Rafael Nadal
99%
Wimbledon - 2ème 2007 Rafael Nadal
99%
Open Australie - 1/2 finaliste 2008 Rafael Nadal
99%
Roland Garros - Gagnant 2008 Rafael Nadal
99%
Wimbledon - Gagnant 2008 Rafael Nadal
99%
US Open - 1/2 finaliste 2008 Rafael Nadal
99%
Open Australie - Gagnant 2009 Rafael Nadal
99%
US Open - 1/2 finaliste 2009 Rafael Nadal
99%
Roland Garros - Gagnant 2010 Rafael Nadal
99%
Wimbledon - Gagnant 2010 Rafael Nadal
99%
US Open - Gagnant 2010 Rafael Nadal
99%
Roland Garros - Gagnant 2011 Rafael Nadal
99%
Wimbledon - 2ème 2011 Rafael Nadal
99%
US Open - 2ème 2011 Rafael Nadal
99%
Open Australie - 2ème 2012 Rafael Nadal
99%
Roland Garros - Gagnant 2012 Rafael Nadal
99%
Roland Garros - Gagnant 2013 Rafael Nadal
99%
US Open - Gagnant 2013 Rafael Nadal
99%
Open Australie - 2ème 2014 Rafael Nadal
99%
Roland Garros - Gagnant 2014 Rafael Nadal
99%
Open Australie - 2ème 2017 Rafael Nadal
99%
Roland Garros - Gagnant 2017 Rafael Nadal
99%
US Open - Gagnant 2017 Rafael Nadal
99%
Roland Garros - Gagnant 2018 Rafael Nadal
99%
Wimbledon - 1/2 finaliste 2018 Rafael Nadal
99%
US Open - 1/2 finaliste 2018 Rafael Nadal
99%
Open Australie - 2ème 2019 Rafael Nadal
99%
Roland Garros - Gagnant 2019 Rafael Nadal
99%
Wimbledon - 1/2 finaliste 2019 Rafael Nadal
99%
US Open - Gagnant 2019 Rafael Nadal
99%
Roland Garros - Gagnant 2020 Rafael Nadal
99%
Roland Garros - 1/2 finaliste 2021 Rafael Nadal
99%
Open Australie - Gagnant 2022 Rafael Nadal
99%
Roland Garros - Gagnant 2022 Rafael Nadal
99%
Wimbledon - 1/2 finaliste 2022 Rafael Nadal
99%
US Open - Gagnant 2022 Carlos Alcaraz
98%
Roland Garros - 1/2 finaliste 2023 Carlos Alcaraz
98%
Wimbledon - Gagnant 2023 Carlos Alcaraz
98%
US Open - 1/2 finaliste 2023 Carlos Alcaraz
98%
Roland Garros - Gagnant 2024 Carlos Alcaraz
98%
Wimbledon - Gagnant 2024 Carlos Alcaraz
98%
Roland Garros - Gagnant 2025 Carlos Alcaraz
98%
Wimbledon - 2ème 2025 Carlos Alcaraz
98%
US Open - Gagnant 2025 Carlos Alcaraz
98%
Open Australie - Gagnant 2026 Carlos Alcaraz
98%
Wimbledon - 1/2 finaliste 2023 Jannik Sinner
97%
Open Australie - Gagnant 2024 Jannik Sinner
97%
Roland Garros - 1/2 finaliste 2024 Jannik Sinner
97%
US Open - Gagnant 2024 Jannik Sinner
97%
Open Australie - Gagnant 2025 Jannik Sinner
97%
Roland Garros - 2ème 2025 Jannik Sinner
97%
Wimbledon - Gagnant 2025 Jannik Sinner
97%
US Open - 2ème 2025 Jannik Sinner
97%
Open Australie - 1/2 finaliste 2026 Jannik Sinner
97%
Open Australie - 1/2 finaliste 2020 Alexander Zverev
93%
US Open - 2ème 2020 Alexander Zverev
93%
Roland Garros - 1/2 finaliste 2021 Alexander Zverev
93%
US Open - 1/2 finaliste 2021 Alexander Zverev
93%
Roland Garros - 1/2 finaliste 2022 Alexander Zverev
93%
Roland Garros - 1/2 finaliste 2023 Alexander Zverev
93%
Open Australie - 1/2 finaliste 2024 Alexander Zverev
93%
Roland Garros - 2ème 2024 Alexander Zverev
93%
Open Australie - 2ème 2025 Alexander Zverev
93%
Open Australie - 1/2 finaliste 2026 Alexander Zverev
93%
US Open - 2ème 2019 Daniil Medvedev
92%
US Open - 1/2 finaliste 2020 Daniil Medvedev
92%
Open Australie - 2ème 2021 Daniil Medvedev
92%
US Open - Gagnant 2021 Daniil Medvedev
92%
Open Australie - 2ème 2022 Daniil Medvedev
92%
Wimbledon - 1/2 finaliste 2023 Daniil Medvedev
92%
US Open - 2ème 2023 Daniil Medvedev
92%
Open Australie - 2ème 2024 Daniil Medvedev
92%
Wimbledon - 1/2 finaliste 2024 Daniil Medvedev
92%
US Open - 2ème 2008 Andy Murray
91%
Wimbledon - 1/2 finaliste 2009 Andy Murray
91%
Open Australie - 2ème 2010 Andy Murray
91%
Wimbledon - 1/2 finaliste 2010 Andy Murray
91%
Open Australie - 2ème 2011 Andy Murray
91%
Roland Garros - 1/2 finaliste 2011 Andy Murray
91%
Wimbledon - 1/2 finaliste 2011 Andy Murray
91%
US Open - 1/2 finaliste 2011 Andy Murray
91%
Open Australie - 1/2 finaliste 2012 Andy Murray
91%
Wimbledon - 2ème 2012 Andy Murray
91%
US Open - Gagnant 2012 Andy Murray
91%
Open Australie - 2ème 2013 Andy Murray
91%
Wimbledon - Gagnant 2013 Andy Murray
91%
Roland Garros - 1/2 finaliste 2014 Andy Murray
91%
Open Australie - 2ème 2015 Andy Murray
91%
Roland Garros - 1/2 finaliste 2015 Andy Murray
91%
Wimbledon - 1/2 finaliste 2015 Andy Murray
91%
Open Australie - 2ème 2016 Andy Murray
91%
Roland Garros - 2ème 2016 Andy Murray
91%
Wimbledon - Gagnant 2016 Andy Murray
91%
Roland Garros - 1/2 finaliste 2017 Andy Murray
91%
US Open - 1/2 finaliste 2013 Stanislas Wawrinka
90%
Open Australie - Gagnant 2014 Stanislas Wawrinka
90%
Open Australie - 1/2 finaliste 2015 Stanislas Wawrinka
90%
Roland Garros - Gagnant 2015 Stanislas Wawrinka
90%
US Open - 1/2 finaliste 2015 Stanislas Wawrinka
90%
Roland Garros - 1/2 finaliste 2016 Stanislas Wawrinka
90%
US Open - Gagnant 2016 Stanislas Wawrinka
90%
Open Australie - 1/2 finaliste 2017 Stanislas Wawrinka
90%
Roland Garros - 2ème 2017 Stanislas Wawrinka
90%
Roland Garros - 2ème 2022 Casper Ruud
87%
US Open - 2ème 2022 Casper Ruud
87%
Roland Garros - 2ème 2023 Casper Ruud
87%
Roland Garros - 1/2 finaliste 2024 Casper Ruud
87%
Open Australie - 2ème 2008 Jo-Wilfried Tsonga
87%
Open Australie - 1/2 finaliste 2010 Jo-Wilfried Tsonga
87%
Wimbledon - 1/2 finaliste 2011 Jo-Wilfried Tsonga
87%
Wimbledon - 1/2 finaliste 2012 Jo-Wilfried Tsonga
87%
Roland Garros - 1/2 finaliste 2013 Jo-Wilfried Tsonga
87%
Roland Garros - 1/2 finaliste 2015 Jo-Wilfried Tsonga
87%
US Open - 1/2 finaliste 2007 David Ferrer
85%
Open Australie - 1/2 finaliste 2011 David Ferrer
85%
Roland Garros - 1/2 finaliste 2012 David Ferrer
85%
US Open - 1/2 finaliste 2012 David Ferrer
85%
Open Australie - 1/2 finaliste 2013 David Ferrer
85%
Roland Garros - 2ème 2013 David Ferrer
85%
Roland Garros - 1/2 finaliste 2008 Gaël Monfils
85%
US Open - 1/2 finaliste 2016 Gaël Monfils
85%
Open Australie - 1/2 finaliste 2019 Stefanos Tsitsipas
85%
Roland Garros - 1/2 finaliste 2020 Stefanos Tsitsipas
85%
Open Australie - 1/2 finaliste 2021 Stefanos Tsitsipas
85%
Roland Garros - 2ème 2021 Stefanos Tsitsipas
85%
Open Australie - 1/2 finaliste 2022 Stefanos Tsitsipas
85%
Open Australie - 2ème 2023 Stefanos Tsitsipas
85%
Roland Garros - 1/2 finaliste 2016 Dominic Thiem
84%
Roland Garros - 1/2 finaliste 2017 Dominic Thiem
84%
Roland Garros - 2ème 2018 Dominic Thiem
84%
Roland Garros - 2ème 2019 Dominic Thiem
84%
Open Australie - 2ème 2020 Dominic Thiem
84%
US Open - Gagnant 2020 Dominic Thiem
84%
Open Australie - 1/2 finaliste 2010 Marin Cilic
80%
US Open - Gagnant 2014 Marin Cilic
80%
US Open - 1/2 finaliste 2015 Marin Cilic
80%
Wimbledon - 2ème 2017 Marin Cilic
80%
Open Australie - 2ème 2018 Marin Cilic
80%
Roland Garros - 1/2 finaliste 2022 Marin Cilic
80%
Open Australie - Gagnant 2000 Andre Agassi
79%
Wimbledon - 1/2 finaliste 2000 Andre Agassi
79%
Open Australie - Gagnant 2001 Andre Agassi
79%
Wimbledon - 1/2 finaliste 2001 Andre Agassi
79%
US Open - 2ème 2002 Andre Agassi
79%
Open Australie - Gagnant 2003 Andre Agassi
79%
US Open - 1/2 finaliste 2003 Andre Agassi
79%
Open Australie - 1/2 finaliste 2004 Andre Agassi
79%
US Open - 2ème 2005 Andre Agassi
79%
US Open - 2ème 2024 Taylor Fritz
76%
Wimbledon - 1/2 finaliste 2025 Taylor Fritz
76%
US Open - 1/2 finaliste 2023 Ben Shelton
74%
Open Australie - 1/2 finaliste 2025 Ben Shelton
74%
Roland Garros - 1/2 finaliste 2009 Juan Martin Del Potro
74%
US Open - Gagnant 2009 Juan Martin Del Potro
74%
Wimbledon - 1/2 finaliste 2013 Juan Martin Del Potro
74%
US Open - 1/2 finaliste 2017 Juan Martin Del Potro
74%
Roland Garros - 1/2 finaliste 2018 Juan Martin Del Potro
74%
US Open - 2ème 2018 Juan Martin Del Potro
74%
Wimbledon - 1/2 finaliste 2007 Richard Gasquet
74%
US Open - 1/2 finaliste 2013 Richard Gasquet
74%
Wimbledon - 1/2 finaliste 2015 Richard Gasquet
74%
Open Australie - 1/2 finaliste 2000 Pete Sampras
72%
Wimbledon - Gagnant 2000 Pete Sampras
72%
US Open - 2ème 2000 Pete Sampras
72%
US Open - 2ème 2001 Pete Sampras
72%
US Open - Gagnant 2002 Pete Sampras
72%
US Open - 1/2 finaliste 2021 Felix Auger-Aliassime
69%
US Open - 1/2 finaliste 2025 Felix Auger-Aliassime
69%
Wimbledon - 1/2 finaliste 2024 Lorenzo Musetti
69%
Roland Garros - 1/2 finaliste 2025 Lorenzo Musetti
69%
US Open - 2ème 2014 Kei Nishikori
67%
US Open - 1/2 finaliste 2016 Kei Nishikori
67%
US Open - 1/2 finaliste 2018 Kei Nishikori
67%
US Open - 1/2 finaliste 2022 Frances Tiafoe
65%
US Open - 1/2 finaliste 2024 Frances Tiafoe
65%
Open Australie - 1/2 finaliste 2003 Andy Roddick
64%
Wimbledon - 1/2 finaliste 2003 Andy Roddick
64%
US Open - Gagnant 2003 Andy Roddick
64%
Wimbledon - 2ème 2004 Andy Roddick
64%
Open Australie - 1/2 finaliste 2005 Andy Roddick
64%
Wimbledon - 2ème 2005 Andy Roddick
64%
US Open - 2ème 2006 Andy Roddick
64%
Open Australie - 1/2 finaliste 2007 Andy Roddick
64%
Open Australie - 1/2 finaliste 2009 Andy Roddick
64%
Wimbledon - 2ème 2009 Andy Roddick
64%
Wimbledon - 2ème 2022 Nick Kyrgios
62%
Roland Garros - 1/2 finaliste 2000 Juan Carlos Ferrero
60%
Roland Garros - 1/2 finaliste 2001 Juan Carlos Ferrero
60%
Roland Garros - 2ème 2002 Juan Carlos Ferrero
60%
Roland Garros - Gagnant 2003 Juan Carlos Ferrero
60%
US Open - 2ème 2003 Juan Carlos Ferrero
60%
Open Australie - 1/2 finaliste 2004 Juan Carlos Ferrero
60%
Roland Garros - 2ème 2009 Robin Soderling
59%
Roland Garros - 2ème 2010 Robin Soderling
59%
US Open - Gagnant 2000 Marat Safin
58%
US Open - 1/2 finaliste 2001 Marat Safin
58%
Open Australie - 2ème 2002 Marat Safin
58%
Roland Garros - 1/2 finaliste 2002 Marat Safin
58%
Open Australie - 2ème 2004 Marat Safin
58%
Open Australie - Gagnant 2005 Marat Safin
58%
Wimbledon - 1/2 finaliste 2008 Marat Safin
58%
US Open - 1/2 finaliste 2019 Matteo Berrettini
58%
Wimbledon - 2ème 2021 Matteo Berrettini
58%
Open Australie - 1/2 finaliste 2022 Matteo Berrettini
58%
Wimbledon - 1/2 finaliste 2014 Grigor Dimitrov
57%
Open Australie - 1/2 finaliste 2017 Grigor Dimitrov
57%
US Open - 1/2 finaliste 2019 Grigor Dimitrov
57%
US Open - 1/2 finaliste 2000 Lleyton Hewitt
57%
US Open - Gagnant 2001 Lleyton Hewitt
57%
Wimbledon - Gagnant 2002 Lleyton Hewitt
57%
US Open - 1/2 finaliste 2002 Lleyton Hewitt
57%
US Open - 2ème 2004 Lleyton Hewitt
57%
Open Australie - 2ème 2005 Lleyton Hewitt
57%
Wimbledon - 1/2 finaliste 2005 Lleyton Hewitt
57%
US Open - 1/2 finaliste 2005 Lleyton Hewitt
57%
Roland Garros - Gagnant 2000 Gustavo Kuerten
56%
Roland Garros - Gagnant 2001 Gustavo Kuerten
56%
Wimbledon - 1/2 finaliste 2018 John Isner
53%
Wimbledon - 1/2 finaliste 2014 Milos Raonic
50%
Open Australie - 1/2 finaliste 2016 Milos Raonic
50%
Wimbledon - 2ème 2016 Milos Raonic
50%
US Open - 2ème 2017 Kevin Anderson
48%
Wimbledon - 2ème 2018 Kevin Anderson
48%
Roland Garros - 1/2 finaliste 2010 Thomas Berdych
48%
Wimbledon - 2ème 2010 Thomas Berdych
48%
US Open - 1/2 finaliste 2012 Thomas Berdych
48%
Open Australie - 1/2 finaliste 2014 Thomas Berdych
48%
Open Australie - 1/2 finaliste 2015 Thomas Berdych
48%
Wimbledon - 1/2 finaliste 2016 Thomas Berdych
48%
Wimbledon - 1/2 finaliste 2017 Thomas Berdych
48%
US Open - 1/2 finaliste 2024 Jack Draper
47%
Open Australie - 1/2 finaliste 2023 Tommy Paul
46%
US Open - 1/2 finaliste 2022 Karen Khachanov
43%
Open Australie - 1/2 finaliste 2023 Karen Khachanov
43%
Wimbledon - 1/2 finaliste 2021 Denis Shapovalov
40%
Roland Garros - Gagnant 2004 Gaston Gaudio
38%
Roland Garros - 1/2 finaliste 2003 Guillermo Coria
37%
Roland Garros - 2ème 2004 Guillermo Coria
37%
Wimbledon - 1/2 finaliste 2022 Cameron Norrie
36%
Open Australie - 1/2 finaliste 2019 Lucas Pouille
36%
US Open - 1/2 finaliste 2017 Pablo Carreno-Busta
36%
US Open - 1/2 finaliste 2020 Pablo Carreno-Busta
36%
Roland Garros - 1/2 finaliste 2020 Diego Schwartzman
34%
Wimbledon - 1/2 finaliste 2021 Hubert Hurkacz
34%
Wimbledon - 1/2 finaliste 2019 Roberto Bautista-Agut
34%
Wimbledon - 2ème 2002 David Nalbandian
32%
US Open - 1/2 finaliste 2003 David Nalbandian
32%
Roland Garros - 1/2 finaliste 2004 David Nalbandian
32%
Open Australie - 1/2 finaliste 2006 David Nalbandian
32%
Roland Garros - 1/2 finaliste 2006 David Nalbandian
32%
Open Australie - 2ème 2001 Arnaud Clément
31%
Wimbledon - Gagnant 2001 Goran Ivanisevic
31%
Open Australie - 1/2 finaliste 2001 Sébastien Grosjean
31%
Roland Garros - 1/2 finaliste 2001 Sébastien Grosjean
31%
Wimbledon - 1/2 finaliste 2003 Sébastien Grosjean
31%
Wimbledon - 1/2 finaliste 2004 Sébastien Grosjean
31%
Open Australie - 2ème 2000 Ievgueni Kafelnikov
30%
US Open - 1/2 finaliste 2001 Ievgueni Kafelnikov
30%
Roland Garros - 1/2 finaliste 2005 Nikolay Davydenko
28%
US Open - 1/2 finaliste 2006 Nikolay Davydenko
28%
Roland Garros - 1/2 finaliste 2007 Nikolay Davydenko
28%
US Open - 1/2 finaliste 2007 Nikolay Davydenko
28%
Wimbledon - 2ème 2000 Patrick Rafter
27%
Open Australie - 1/2 finaliste 2001 Patrick Rafter
27%
Wimbledon - 2ème 2001 Patrick Rafter
27%
Open Australie - 1/2 finaliste 2009 Fernando Verdasco
26%
Roland Garros - Gagnant 2002 Albert Costa
25%
Roland Garros - 1/2 finaliste 2003 Albert Costa
25%
Open Australie - 2ème 2006 Marcos Baghdatis
25%
Wimbledon - 1/2 finaliste 2006 Marcos Baghdatis
25%
US Open - 1/2 finaliste 2004 Joachim Johansson
21%
Wimbledon - 2ème 2003 Mark Philippoussis
21%
Open Australie - Gagnant 2002 Thomas Johansson
21%
Wimbledon - 1/2 finaliste 2005 Thomas Johansson
21%
Roland Garros - 2ème 2005 Mariano Puerta
20%
Roland Garros - 2ème 2001 Alex Corretja
19%
Roland Garros - 1/2 finaliste 2002 Alex Corretja
19%
Open Australie - 1/2 finaliste 2002 Tommy Haas
19%
Open Australie - 1/2 finaliste 2007 Tommy Haas
19%
Wimbledon - 1/2 finaliste 2009 Tommy Haas
19%
Open Australie - 2ème 2007 Fernando Gonzalez
17%
Roland Garros - 1/2 finaliste 2009 Fernando Gonzalez
17%
Open Australie - 1/2 finaliste 2021 Aslan Karatsev
16%
Roland Garros - 1/2 finaliste 2018 Marco Cecchinato
16%
Wimbledon - 1/2 finaliste 2001 Tim Henman
15%
Wimbledon - 1/2 finaliste 2002 Tim Henman
15%
Roland Garros - 1/2 finaliste 2004 Tim Henman
15%
US Open - 1/2 finaliste 2004 Tim Henman
15%
Roland Garros - 1/2 finaliste 2006 Ivan Ljubicic
14%
Open Australie - 1/2 finaliste 2018 Kyle Edmund
14%
Roland Garros - 1/2 finaliste 2014 Ernests Gulbis
13%
Open Australie - 1/2 finaliste 2000 Magnus Norman
13%
Roland Garros - 2ème 2000 Magnus Norman
13%
Wimbledon - 1/2 finaliste 2017 Sam Querrey
13%
US Open - 1/2 finaliste 2006 Mikhail Youzhny
11%
US Open - 1/2 finaliste 2010 Mikhail Youzhny
11%
Open Australie - 1/2 finaliste 2018 Chung Hyeon
10%
Roland Garros - 2ème 2003 Martin Verkerk
8%
Open Australie - 2ème 2003 Rainer Schuttler
8%
Wimbledon - 1/2 finaliste 2008 Rainer Schuttler
8%
Roland Garros - 1/2 finaliste 2010 Jurgen Melzer
7%
Wimbledon - 1/2 finaliste 2004 Mario Ancic
6%
Wimbledon - 1/2 finaliste 2013 Jeryz Janowicz
5%
Open Australie - 1/2 finaliste 2002 Jiri Novak
5%
Wimbledon - 1/2 finaliste 2002 Xavier Malisse
5%
Wimbledon - 1/2 finaliste 2006 Jonas Bjorkman
4%
Open Australie - 1/2 finaliste 2006 Nicolas Kiefer
4%
US Open - 1/2 finaliste 2000 Todd Martin
4%
Open Australie - 1/2 finaliste 2003 Wayne Ferreira
3%
Roland Garros - 1/2 finaliste 2000 Franco Squillari
2%
US Open - 1/2 finaliste 2005 Robby Ginepri
2%
Wimbledon - 1/2 finaliste 2000 Vladimir Voltchkov
2%
US Open - 1/2 finaliste 2002 Sjeng Schalken
1%
Aucun quiz correspondant
Distribution des résultats
% des personnes avec chaque résultat
Percentile par nombre de réponses
Votre historique - résultats
Vous n’avez pas pris ce quiz depuis la dernière actualisation